| 000 | 00725cam a2200265 4500500 | ||
|---|---|---|---|
| 005 | 20260329001254.0 | ||
| 041 | _afre | ||
| 042 | _adc | ||
| 100 | 1 | 0 |
_aMoreau, Anne-Sophie _eauthor |
| 245 | 0 | 0 | _aLe travail, C’est (pas) La joie ? (1/2) |
| 260 | _c2023. | ||
| 500 | _a26 | ||
| 690 | _aBonheur | ||
| 690 | _aConcentration | ||
| 690 | _aMotivation | ||
| 690 | _aSens | ||
| 690 | _aSouffrance au travail | ||
| 690 | _aStress | ||
| 690 | _aTélétravail | ||
| 690 | _aTravail | ||
| 690 | _aVie de bureau | ||
| 690 | _aVie pro / Vie perso | ||
| 786 | 0 | _nPhilonomist | - | 7 | 2023-06-21 | p. 1-1 | |
| 856 | 4 | 1 | _uhttps://shs.cairn.info/magazine-philonomist-2023-7-page-1?lang=fr&redirect-ssocas=7080 |
| 999 |
_c1803739 _d1803739 |
||